000 003470000a22001570004500
001 000154
003 MACL
040 _aMACL
090 _c154
_d154
100 _aRoy, Navkala
245 _aHow It work
_bThe Motor Car
_cNavkala Roy
260 _aA CBT Publications,
_c1986
350 _a12
650 _aGround Transportation
942 _k388
_cBook
999 _c49461
_d49461